Austregelina : (Record no. 14608)
[ view plain ]
| 000 -LEADER | |
|---|---|
| fixed length control field | 00894nam a2200229 a 4500 |
| 003 - CONTROL NUMBER IDENTIFIER | |
| control field | PILC |
| 005 - DATE AND TIME OF LATEST TRANSACTION | |
| control field | 20240203094150.0 |
| 008 - FIXED-LENGTH DATA ELEMENTS--GENERAL INFORMATION | |
| fixed length control field | 041130s2000 xx 00 eng d |
| 010 ## - LIBRARY OF CONGRESS CONTROL NUMBER | |
| LC control number | Acc#33673 |
| 020 ## - INTERNATIONAL STANDARD BOOK NUMBER | |
| International Standard Book Number | 9712709558 |
| 040 ## - CATALOGING SOURCE | |
| Transcribing agency | Philippine Baptist Theological Seminary |
| 050 ## - LIBRARY OF CONGRESS CALL NUMBER | |
| Classification number | Fil PN 5426 .Au79 |
| Item number | M66 2000 |
| 100 10 - MAIN ENTRY--PERSONAL NAME | |
| Personal name | Manlapaz, Edna Zapanta |
| 245 10 - TITLE STATEMENT | |
| Title | Austregelina : |
| Remainder of title | a story of Lina Espina Moore's life and selected works / |
| Statement of responsibility, etc. | Written and edited by Edna Zapanta Manlapaz. |
| 260 0# - PUBLICATION, DISTRIBUTION, ETC (IMPRINT) | |
| Place of publication, distribution, etc. | Pasig City, Phils : |
| Name of publisher, distributor, etc. | ANVIL, |
| Date of publication, distribution, etc. | c2000. |
| 300 ## - PHYSICAL DESCRIPTION | |
| Extent | 176 p. : 23 cm. |
| 505 ## - FORMATTED CONTENTS NOTE | |
| Formatted contents note | A story of Lina Espina Moore's life -- A selection of Lina Espina Moore's Essays -- A selection of Lina Espina Moore's Fiction |
| 650 ## - SUBJECT ADDED ENTRY--TOPICAL TERM | |
| Topical term or geographic name as entry element | MOORE, LINA ESPINA |
| 650 ## - SUBJECT ADDED ENTRY--TOPICAL TERM | |
| Topical term or geographic name as entry element | WOMEN JOURNALISTS |
| General subdivision | PHILIPPINES |
| -- | BIOGRAPHY |
| 650 #4 - SUBJECT ADDED ENTRY--TOPICAL TERM | |
| Topical term or geographic name as entry element | PHILIPPINE FICTION (ENGLISH) |
| General subdivision | HISTORY AND CRITICISM |
| 942 ## - ADDED ENTRY ELEMENTS (KOHA) | |
| Koha item type | Circulation Books |
| Source of classification or shelving scheme | Library of Congress Classification |
| Withdrawn status | Lost status | Source of classification or shelving scheme | Damaged status | Not for loan | Home library | Current library | Shelving location | Date acquired | Source of acquisition | Total Checkouts | Full call number | Barcode | Date last seen | Price effective from | Koha item type |
|---|---|---|---|---|---|---|---|---|---|---|---|---|---|---|---|
| Dewey Decimal Classification | PBTS Library | PBTS Library | Filipiniana Section | 11/30/2004 | Gift | Fil PN 5426 .Au79 M66 2000 | 33673 | 02/04/2026 | 04/02/2015 | Circulation Books |